000 00979nam a2200301 i 4500
001 000017773
003 DO-SdBNP
005 20241021151855.0
007 ta
008 100331s1997 dr 000 0 spa d
040 _aDO-SdBNP
_bspa
_cBNPHU
_erda
082 4 _a928.6
_bV468a
_222
100 1 _aVentura, Juan,
_d1953-
_eautor
_4aut.
_936679
245 1 0 _aAutores de historia de Santo Domingo /
_cJuan Ventura.
260 _b
264 4 _aSanto Domingo :
_bEditora Cantera Gráfica,
_c1997.
300 _a71 páginas ;
_c22 cm.
336 _atexto
_btxt
_2rdacontent
337 _asin mediación
_bn
_2rdamedia
338 _avolumen
_bnc
_2rdacarrier
500 _aIncluye referencias bibliográficas y notas al pie de las páginas
500 _aIncluye datos biográficos del autor en la contracubierta.
504 _aBibliografías : páginas 71
590 _aInventariado 2023 / DG
650 4 _aHistoriadores dominicanos
_983026
910 _aDG
942 _2ddc
_cLBS1
999 _c17298
_d17298